Pedagogía

Saved in:
書目詳細資料
主要作者: Sánchez Buchón, Consuelo (Author)
格式: 圖書
語言:西班牙语
出版: Bilbao Publicaciones de la Institución Teresiana 1968
主題:
標簽: 添加標簽
沒有標簽, 成為第一個標記此記錄!

MARC

LEADER 00000nam a2200000 a 4500
001 UCW4636
003 CL-VaPUC
008 900607e19680000SP |||||||||||||||||spa|d
082 0 4 |a 370.1  |b SAN  |2 21 
100 0 |a Sánchez Buchón, Consuelo  |e author  |9 309420 
245 1 0 |a Pedagogía 
300 |a 753 p 
942 |c BK 
945 |d 19900607 00:00:00 
260 |a Bilbao  |b Publicaciones de la Institución Teresiana  |c 1968 
650 0 |a Filosofía de la educación   |9 258384 
583 |a last modification  |c 20120531 08:52:02  |k Rodrigo Vera 
999 |c 218309  |d 218307 
952 |0 0  |1 0  |4 0  |6 370_100000000000000_SAN_1968  |7 0  |8 P  |9 207633  |a BIBEDU  |b BIBEDU  |c BIBEDU_PB  |d 2019-11-15  |i 2754320  |o 370.1 SAN 1968  |p 2754320  |r 2024-01-25  |w 2019-11-15  |y BK  |k EDU